000 00400nam a22001337a 4500
003 SGT
020 _a8123773277
082 _a891.4309
_bV15T
100 _aतिवारी, कैलाश नारायण
245 _a विरले दोस्त कबीर के
260 _bराष्ट्रीय पुस्तक न्यास
_c2015
300 _a160
942 _2ddc
_cBK
999 _c31411
_d31411